[Event "IECG OP.2006.0.00058"]
[Site "IECG email"]
[Date "2006.06.02"]
[Round "?"]
[White "Quan, Daniel"]
[Black "Ronda, Achille"]
[Result "0-1"]
[WhiteElo "800"]
[BlackElo "1136"]
[PlyCount "38"]
[EventDate "2006.06.02"]
[EventType "tourn (corr)"]
[EventRounds "6"]
[SourceTitle "Corr 2008"]
[Source "ChessBase"]
[SourceDate "2008.06.24"]
[SourceVersion "1"]
[SourceVersionDate "2008.06.24"]
[SourceQuality "1"]

1. e4 e5 2. Nf3 Nc6 3. Bb5 a6 4. Ba4 b5 5. Bb3 Na5 6. Bxf7+ Kxf7 7. Nxe5+ Ke7 8. 0-0 d6 9. Nf3 Nf6 10. Re1 Bg4 11. e5 dxe5 12. d4 e4 13. Bg5 Qd5 14. Bxf6+ gxf6 15. Nc3 Qf5 16. Nxe4 Kf7 17. Qd3 Nc4 18. b3 Nd6 19. h3 Bxh3 0-1

[Event "IECG SL.2006.0.00042"]
[Site "IECG email"]
[Date "2006.05.12"]
[Round "?"]
[White "Digalakis, Georgios"]
[Black "Ronda, Achille"]
[Result "1/2-1/2"]
[WhiteElo "1500"]
[BlackElo "1136"]
[PlyCount "68"]
[EventDate "2006.05.12"]
[EventType "tourn (corr)"]
[EventRounds "6"]
[SourceTitle "Corr 2008"]
[Source "ChessBase"]
[SourceDate "2008.06.24"]
[SourceVersion "1"]
[SourceVersionDate "2008.06.24"]
[SourceQuality "1"]

1. d4 d5 2. c4 e6 3. Nc3 Nf6 4. Bg5 Nbd7 5. e3 Be7 6. Nf3 0-0 7. Bd3 b6 8. cxd5 exd5 9. 0-0 Bb7 10. Qc2 Re8 11. Bf4 a6 12. Rac1 c5 13. b3 Bf8 14. Ng5 g6 15. Nf3 cxd4 16. exd4 Bg7 17. Qd2 Ne4 18. Qb2 Qf6 19. Be3 Nf8 20. Ne5 b5 21. f3 Nc5 22. Nxd5 Qd6 23. Rxc5 Ne6 24. Rc2 Bxd5 25. Be4 Bxe4 26. fxe4 Nxd4 27. Bxd4 Bxe5 28. Bxe5 Rxe5 29. Rd2 Qe6 30. Rfd1 Re8 31. Rd6 Qg4 32. h3 Qg5 33. Rxa6 Rxe4 34. Qf6 Qc5+ 1/2-1/2

[Event "IECG SL.2006.0.00042"]
[Site "IECG email"]
[Date "2006.05.12"]
[Round "?"]
[White "Ronda, Achille"]
[Black "Schalkwijk, Peter H"]
[Result "0-1"]
[WhiteElo "1136"]
[BlackElo "1583"]
[PlyCount "48"]
[EventDate "2006.05.12"]
[EventType "tourn (corr)"]
[EventRounds "6"]
[SourceTitle "Corr 2008"]
[Source "ChessBase"]
[SourceDate "2008.06.24"]
[SourceVersion "1"]
[SourceVersionDate "2008.06.24"]
[SourceQuality "1"]

1. e4 c5 2. Nf3 Nf6 3. Nc3 d5 4. exd5 Nxd5 5. Bb5+ Bd7 6. Qe2 Nxc3 7. dxc3 Qb6 8. Bd3 Bc6 9. 0-0 Nd7 10. Nd2 e6 11. Nc4 Qc7 12. Re1 b5 13. Na3 a6 14. c4 b4 15. Nb1 Bd6 16. Qh5 g6 17. Bxg6 fxg6 18. Rxe6+ Kf7 19. Qh3 Bxh2+ 20. Kh1 Be5 21. f4 Bg7 22. Qe3 Rae8 23. Rxe8 Rxe8 24. Qg3 Re2 0-1

[Event "IECG SL.2006.0.00042"]
[Site "IECG email"]
[Date "2006.05.12"]
[Round "?"]
[White "Ronda, Achille"]
[Black "Walker, Jeffrey"]
[Result "0-1"]
[WhiteElo "1136"]
[BlackElo "1200"]
[PlyCount "56"]
[EventDate "2006.05.12"]
[EventType "tourn (corr)"]
[EventRounds "6"]
[SourceTitle "Corr 2008"]
[Source "ChessBase"]
[SourceDate "2008.06.24"]
[SourceVersion "1"]
[SourceVersionDate "2008.06.24"]
[SourceQuality "1"]

1. d4 b6 2. e4 Bb7 3. Nc3 e6 4. a3 Nf6 5. Bg5 Be7 6. Bd3 c5 7. dxc5 bxc5 8. Nf3 d5 9. e5 Ne4 10. Bxe7 Qxe7 11. Bb5+ Nc6 12. Nxd5 exd5 13. Qxd5 0-0 14. Bxc6 Nf6 15. Bxb7 Nxd5 16. Bxd5 Rad8 17. Rd1 g5 18. g4 Rxd5 19. Rxd5 Qb7 20. c4 Qxb2 21. 0-0 Qe2 22. Nd2 Qxg4+ 23. Kh1 Rb8 24. f3 Qf4 25. Rf2 Rb2 26. Kg2 g4 27. Rd8+ Kg7 28. Rd3 Qf5 0-1

[Event "IECG CP.2002.Q.00008 email"]
[Site "IECG email"]
[Date "2003.10.01"]
[Round "?"]
[White "Ivanov, Hristo"]
[Black "Ronda, Achille"]
[Result "0-1"]
[WhiteElo "2074"]
[BlackElo "983"]
[PlyCount "30"]
[EventDate "2003.10.01"]
[EventType "tourn (corr)"]
[EventRounds "10"]
[SourceTitle "Corr 2024"]
[Source "ChessBase"]
[SourceDate "2023.10.19"]
[SourceVersion "1"]
[SourceVersionDate "2023.10.19"]
[SourceQuality "1"]

1. e4 e5 2. Nf3 Nc6 3. Bb5 a6 4. Ba4 Nf6 5. 0-0 Be7 6. Re1 b5 7. Bb3 d6 8. c3 Na5 9. Bc2 c5 10. d4 Qc7 11. Nbd2 0-0 12. h3 Be6 13. Nf1 Nc4 14. d5 Bc8 15. a4 Bd7 0-1

[Event "IECG CN.2002.0.00283 email"]
[Site "IECG email"]
[Date "2002.02.20"]
[Round "?"]
[White "Arteaga M, Rafael"]
[Black "Ronda, Achille"]
[Result "0-1"]
[WhiteElo "800"]
[BlackElo "894"]
[PlyCount "48"]
[EventDate "2002.02.20"]
[EventType "tourn (corr)"]
[EventRounds "6"]
[SourceTitle "Corr 2008"]
[Source "ChessBase"]
[SourceDate "2008.06.24"]
[SourceVersion "1"]
[SourceVersionDate "2008.06.24"]
[SourceQuality "1"]

1. e4 e5 2. Nf3 Nc6 3. d4 exd4 4. Nxd4 Bc5 5. Be3 Qf6 6. c3 Nge7 7. Be2 0-0 8. 0-0 d5 9. Qd3 dxe4 10. Qxe4 Bxd4 11. cxd4 Bf5 12. Qf3 Nxd4 13. Bxd4 Qxd4 14. Qxb7 Rab8 15. Qxc7 Nd5 16. Qc1 Rxb2 17. Rd1 Qf6 18. Rxd5 Rxe2 19. Nd2 Be6 20. Qf1 Bxd5 21. Qxe2 Qxa1+ 22. Nf1 Qxa2 23. Qb5 Bc4 24. Qc6 Qe2 0-1

[Event "IECG CN.2002.0.00283 email"]
[Site "IECG email"]
[Date "2002.02.20"]
[Round "?"]
[White "Ronda, Achille"]
[Black "Torre, Leandro"]
[Result "1-0"]
[WhiteElo "894"]
[BlackElo "825"]
[PlyCount "49"]
[EventDate "2002.02.20"]
[EventType "tourn (corr)"]
[EventRounds "6"]
[SourceTitle "Corr 2008"]
[Source "ChessBase"]
[SourceDate "2008.06.24"]
[SourceVersion "1"]
[SourceVersionDate "2008.06.24"]
[SourceQuality "1"]

1. e4 d5 2. exd5 Qxd5 3. Nc3 Qa5 4. d4 Nf6 5. Nf3 Bf5 6. Ne5 c6 7. Bf4 e6 8. g4 Bg6 9. Bg2 Nd5 10. Bd2 Qb6 11. Qe2 Nxc3 12. bxc3 Nd7 13. Nxd7 Kxd7 14. 0-0 h5 15. Bf4 Qa5 16. Rab1 b6 17. c4 Rc8 18. d5 hxg4 19. dxc6+ Ke7 20. c7 Qa6 21. Rb5 Bh7 22. Re1 Re8 23. Bg5+ Kd7 24. Rd1+ Bd6 25. Qe5 1-0

[Event "IECG CN.2001.0.00273"]
[Site "IECG email"]
[Date "2001.12.11"]
[Round "?"]
[White "Ronda, Achille"]
[Black "Torre, Leandro"]
[Result "0-1"]
[WhiteElo "887"]
[BlackElo "792"]
[PlyCount "90"]
[EventDate "2001.12.11"]
[EventType "tourn (corr)"]
[EventRounds "6"]
[SourceTitle "Corr 2008"]
[Source "ChessBase"]
[SourceDate "2008.06.24"]
[SourceVersion "1"]
[SourceVersionDate "2008.06.24"]
[SourceQuality "1"]

1. e4 d5 2. exd5 Qxd5 3. Nc3 Qa5 4. d4 Nf6 5. Nf3 Bf5 6. Bd2 c6 7. Bc4 e6 8. Ne4 Qd8 9. Ng3 Bg6 10. h4 Ne4 11. Nxe4 Bxe4 12. c3 Qb6 13. b4 Bd6 14. Qe2 Bd5 15. 0-0 Bxc4 16. Qxc4 Nd7 17. Be3 0-0 18. d5 cxd5 19. Bxb6 dxc4 20. Bd4 Rfd8 21. Rad1 b5 22. Rfe1 Bc7 23. Ng5 Ne5 24. Bxe5 Rxd1 25. Rxd1 Bxe5 26. Ne4 f5 27. Ng5 Bxc3 28. Nxe6 Bxb4 29. Kf1 Rc8 30. Nd4 a6 31. Nxf5 Bc5 32. Ne3 Bxe3 33. fxe3 b4 34. Ke2 a5 35. Rc1 Kf7 36. Kd2 Ke6 37. Rf1 c3+ 38. Kc2 Rc4 39. g3 Rg4 40. Rf3 Rg6 41. Kd3 Rf6 42. Rxf6+ gxf6 43. g4 Ke5 44. h5 h6 45. a3 Kd5 0-1

[Event "IECG CN.2001.0.00273"]
[Site "IECG email"]
[Date "2001.12.11"]
[Round "?"]
[White "Tabor, James"]
[Black "Ronda, Achille"]
[Result "0-1"]
[WhiteElo "800"]
[BlackElo "887"]
[PlyCount "34"]
[EventDate "2001.12.11"]
[EventType "tourn (corr)"]
[EventRounds "6"]
[SourceTitle "Corr 2008"]
[Source "ChessBase"]
[SourceDate "2008.06.24"]
[SourceVersion "1"]
[SourceVersionDate "2008.06.24"]
[SourceQuality "1"]

1. e4 e5 2. Bc4 Nf6 3. d3 Nc6 4. Nc3 Bb4 5. Nf3 d6 6. h3 h6 7. 0-0 0-0 8. Nd5 Nxd5 9. exd5 Na5 10. d4 Nxc4 11. Qd3 b5 12. a3 Re8 13. axb4 e4 14. Qc3 exf3 15. gxf3 Nb6 16. Bf4 Nxd5 17. Qb3 Nxf4 0-1

[Event "IECG QN.2001.0.00166"]
[Site "IECG email"]
[Date "2001.02.19"]
[Round "?"]
[White "Ronda, Achille"]
[Black "Fixemer, Frank"]
[Result "1-0"]
[WhiteElo "900"]
[BlackElo "800"]
[PlyCount "31"]
[EventDate "2001.02.19"]
[EventType "tourn (corr)"]
[EventRounds "6"]
[SourceTitle "Corr 2008"]
[Source "ChessBase"]
[SourceDate "2008.06.24"]
[SourceVersion "1"]
[SourceVersionDate "2008.06.24"]
[SourceQuality "1"]

1. e4 e5 2. Nf3 Nc6 3. Bb5 Nge7 4. 0-0 a6 5. Ba4 b5 6. Bb3 d6 7. c3 Bg4 8. h3 Bxf3 9. Qxf3 f6 10. Re1 Na5 11. Bc2 Qd7 12. a4 Nec6 13. b4 Nb7 14. axb5 Nb8 15. d4 Qxb5 16. Ba4 1-0

[Event "IECG QN.2001.0.00166"]
[Site "IECG email"]
[Date "2001.02.19"]
[Round "?"]
[White "Ronda, Achille"]
[Black "Kinell, Mats"]
[Result "0-1"]
[WhiteElo "900"]
[BlackElo "800"]
[PlyCount "70"]
[EventDate "2001.02.19"]
[EventType "tourn (corr)"]
[EventRounds "6"]
[SourceTitle "Corr 2008"]
[Source "ChessBase"]
[SourceDate "2008.06.24"]
[SourceVersion "1"]
[SourceVersionDate "2008.06.24"]
[SourceQuality "1"]

1. e4 e5 2. Nf3 Nc6 3. Bb5 Nf6 4. 0-0 Nxe4 5. d4 f6 6. Re1 a6 7. Bxc6 bxc6 8. Rxe4 d5 9. Re1 e4 10. Nh4 Be6 11. Nd2 Bd6 12. Nf1 0-0 13. f4 f5 14. Ne3 Qxh4 15. g3 Qh6 16. c4 Qg6 17. Qa4 Bxf4 18. Nxd5 cxd5 19. Bxf4 dxc4 20. Qc6 Rfd8 21. Bxc7 Rac8 22. Rad1 Qf7 23. Qxa6 Rxc7 24. Qb6 Rcd7 25. a4 Qf6 26. a5 Rxd4 27. Ra1 Rd2 28. Reb1 Qd4+ 29. Qxd4 R8xd4 30. a6 Rd8 31. a7 Bd5 32. Ra5 e3 33. Re1 Re8 34. Kf1 Ba8 35. Re2 Bf3 0-1